000 01260nam a2200325 c 4500
003 BLK
005 20210821132409.0
008 180408b bul|||||r ||||||| ||bul||
010 _aKNG00075711000
020 _a954-9315-58-4
_bиздат.: Нови знания
040 _aBLK
041 _aBUL
_cBUL
080 _aСъобщителна техника. Вж и 621.3.09. Организация и експлоатация на съобщенията вж 654
_b621.39
_x(075.8)
_z621.39(075.8)
100 1 _aЦанков, Борис Петков
_eпърви автор
_9243881
139 _aЦанков, Борис Петков
_bЦ 17
245 1 0 _aТелекомуникации
_bФиксирани, мобилни и IP
_cБорис Петков Цанков.
257 _aBGR
260 София
_bНови знания
_c2006
300 _a312 с.
_bс табл., сх.
_c24 см
380 _a62
590 _aф
650 4 _aТелекомуникации - учебници за ВУЗ
_9273719
653 _aтелекомуникации
653 _aучебници за ВУЗ
852 _aЦб 234372
856 4 _qpdf
_u
856 4 _qpdf
_u
942 _cKNG
_n0
_04
944 _aCR
_c14.06.2007
_kПенка_Димитрова
944 _aED
_c14.11.2013
_k
999 _c71343
_d71343